000 00399nam a22001337a 4500
040 _cNUST
082 _a891.439,HUS
100 _aHussain, Ashfaq
_99798
245 _aGentleman Allah Allah / جنٹلمین اللہ اللہ (Urdu) /
_cAshfaq Hussain
260 _aLahore
_bIdara matbuat e sulemani
_c2015
300 _a223 p.;
650 _aUrdu literature
_9105694
942 _2ddc
_cBK
_k891.439,HUS
999 _c593526
_d593526